000 00408nam a2200181Ia 4500
008 090124s9999 xx 000 0 und d
082 _b21203
100 _aROY M.N.
245 _aBEYOND COMMUNISM
250 _a1
260 _bAJANTA PUBLICATIONS
_c1981
300 _a112
600 _aROY M.N.
630 _aBEYOND COMMUNISM
700 _aROY M.N.
730 _aBEYOND COMMUNISM
942 _cBOOK
999 _c91335
_d91335